000 00766cam a22002414a 4500
001 12930463
005 20180105051616.0
008 020914s2002 njua b 001 0 eng
010 _a 2002014909
020 _a0471281565 (PAPER : alk. paper)
040 _aDLC
_cDLC
_dDLC
041 _aeng
042 _apcc
080 _a658.562
082 0 0 _a658.562 ECK
_221
100 1 _a54
101 _aLID
245 1 0 _aSix sigma for everyone /
_cGeorge Eckes.
504 _aIncludes bibliographical references and index.
906 _a7
_bcbc
_corignew
_d1
_eecip
_f20
_gy-gencatlg
942 _2ddc
_cBK
999 _c39805
_d39805